Diagnóstico Histórico Estructural del Perú : (Record no. 22700)

000 -CABECERA
fixed length control field 01291nam a22002897i 4500
003 - IDENTIFICADOR DEL NÚMERO DE CONTROL
control field AR-CdUCM
008 - DATOS DE LONGITUD FIJA--INFORMACIÓN GENERAL
fixed length control field 230927b ||||| |||| 00| 0 spa d
020 ## - NÚMERO INTERNACIONAL ESTÁNDAR DEL LIBRO
ISBN 978-612-4392-49-8
040 ## - FUENTE DE LA CATALOGACIÓN
Agencia/entidad que catalogó originalmente la obra MUNICIPALIDAD PROVINCIAL DEL CUSCO
Entidad que transcribió la catalogación BIBLIOTECA MUNICIPAL DEL CUSCO
082 ## - NÚMERO DE LA CLASIFICACIÓN DECIMAL DEWEY
No. de Clasificación 985.01 / N942
Notacion interna N942
100 ## - ENTRADA PRINCIPAL--NOMBRE DE PERSONA
Nombre Personal Núñez del Prado Béjar, Juan Víctor
245 ## - MENCIÓN DE TÍTULO
Título Diagnóstico Histórico Estructural del Perú :
Resto del título Introducción a una ciencia política andina /
Mención de responsabilidad Núñez del Prado Béjar, Juan Víctor
260 ## - PUBLICACIÓN, DISTRIBUCIÓN, ETC.
Lugar de publicación, distribución, etc. Cusco :
Nombre de la editorial, distribuidor, etc. Universidad Andina del cusco,
Fecha de publicación, distribución, etc. 2021.
300 ## - DESCRIPCIÓN FÍSICA
Nº de Páginas Extensión 251 páginas. :
Dimensiones 22 cm.
500 ## - NOTA GENERAL
Bibliografía Bibliografía: páginas 244-251
505 ## - NOTA DE CONTENIDO CON FORMATO
Nota de contenido formateada Génesis y crecimiento de las civilizaciones andinas -- Las civilizaciones andina y occidental -- El proceso de encuentro entre civilizaciones -- La conquista el Perú (la colonia y la republica) -- Propuesta de una ciencia política andina -- Carácter del pensamiento político Peruano.
650 ## - PUNTO DE ACCESO ADICIONAL DE MATERIA--TÉRMINO DE MATERIA
Descriptor Historia andina
9 (RLIN) 12263
650 ## - PUNTO DE ACCESO ADICIONAL DE MATERIA--TÉRMINO DE MATERIA
Descriptor Civilizaciones andinas
9 (RLIN) 48898
650 ## - PUNTO DE ACCESO ADICIONAL DE MATERIA--TÉRMINO DE MATERIA
Descriptor Conquista del Perú
9 (RLIN) 15343
650 ## - PUNTO DE ACCESO ADICIONAL DE MATERIA--TÉRMINO DE MATERIA
Descriptor Colonia
9 (RLIN) 1685
650 ## - PUNTO DE ACCESO ADICIONAL DE MATERIA--TÉRMINO DE MATERIA
Descriptor República
9 (RLIN) 831
650 ## - PUNTO DE ACCESO ADICIONAL DE MATERIA--TÉRMINO DE MATERIA
Descriptor Democracia
9 (RLIN) 48899
856 ## - LOCALIZACIÓN Y ACCESO ELECTRÓNICOS
Dirección electrónica www.uandina.edu.pe
942 ## - ELEMENTOS DE PUNTO DE ACCESO ADICIONAL (KOHA)
Fuente de clasificación
Tipo de item Libros-BMC
945 ## - PROCESAMIENTO DE INFORMACIÓN LOCAL (OCLC)
Catalogador pebm
AAAA-MM-DD - Fecha de ingreso o modificacion 2023-09-27
Holdings
Estado de retiro (separado) Fuente de clasificación o esquema de estanterías Estado dañado Ubicación Sala donde se ubica Nombre de la colección Fecha de adquisición o compra Fuente de adquisición Costo, precio normal en soles Signatura topográfica Código de Barras Última vez visto (Koha) Tipo de ítem (Koha)
No     Sala Humanidades Sala Humanidades Book Cart 2023-09-27 Donación 25.00 985.01 / N942 SH0000016536 2023-09-27 Libros-BMC

Powered by Koha